LEADER 01311nam a2200289 u 4500 001 000000115729 003 CaOOAMICUS 005 20090519113449.0 008 090519s2008 gw u000 u ger r 020 $z978-3-416-03214-8* 040 $aPUL$bita$dLDB 100 1 $aScheler, Max,$d1874-1928.$0(OLS)http://pul/name/5354 245 14$aDie Wissensformen und die Gesellschaft /$cMax Scheler. 250 $a4. Aufl. /$bhrsg. von Manfred Frings 260 $aBonn :$bBouvier,$c2008. 300 $a538 p. ;$c23 cm 490 1 $aMax Scheler Gesammelte Werke. Studienausgabe ;$v08 504 $aBibliografia: p. [495]-498 650 4$aScienza$xSociologia.$0(OLS)http://pul/subject/35341 700 1 $aFrings, Manfred S.$0(OLS)http://pul/name/8951 800 1 $aScheler, Max,$d1874-1928.$tGesammelte Werke.$pStudienausgabe ;$v08.$0(OLS)http://pul/nameTitle/935$0(OLS)http://pul/name/5354$0(OLS)http://pul/title/145398 850 $aPUL 852 $aPUL$W1$xSL Filosofia 3$y81$m193 SCHMA 2.8$j132560$qDDC 21$B131556$CPULBib$Z2$F131556 $H110398 $82 941 1 $a9 996 $6020$z978-3-416-03214-8*$9(OLS)http://pul/number/140713 996 $6245$aDie Wissensformen und die Gesellschaft$9(OLS)http://pul/title/145402 996 $6260$aBonn :$bBouvier$9(OLS)http://pul/publisher/68073 LEADER 01792namaa2200361 a 4500 001 000000177049 003 CaOOAMICUS 005 20240704155636.0 006 a 000 u 008 240704s2023 it u000 u fre r 020 $a978-88-7105-511-4* 032 $aLibriCat 040 $aPUL$bita 100 1 $aMpaka Vangu, Albert,$cc.s.sp.$0(OLS)http://pul/name/113820 245 10$aSamson, le reflet inverse de l'image de Samuel :$bla confrontation litteraire de Jg 13-16 et 1S 1-7 /$cAlbert Mpaka Vangu; ; préface Laura Invernizzi. 260 $aMilano :$bGlossa,$c2023. 300 $axii, 259 pagine ;$c22 cm 440 0$aDissertatio.$pSeries Mediolanensis ;$v35 500 $aTesto in francese e passi in ebraico. 502 $aTesi di dottorato--Facoltà Teologica dell'Italia Settentrionale, 2023, n.106. 504 $aBibliografia: pagine [249]-256. 630 04$aBiblia.$pV.T.$pSamuel.$xCritica, interpretazione, ecc.$0(OLS)http://pul/subject/27716 630 04$aBiblia.$pV.T.$pIudicum.$nXIII-XVI.$0(OLS)http://pul/subject/27999 700 1 $aInvernizzi, Laura,$d1971-$0(OLS)http://pul/name/101209 830 0$aDissertatio.$pSeries Mediolanensis ;$v35.$0(OLS)http://pul/title/71364 850 $aPUL 852 $aPUL$W1$xDP1 Tesi Fac It.Settentrionale$y34$m2023 B 3$j200176$qTesi$B206003$CPULBib$Z2$F206003 $Hnull $82 941 1 $a16 996 $6020$a978-88-7105-511-4*$9(OLS)http://pul/number/169907 996 $6245$aSamson, le reflet inverse de l'image de Samuel :$bla confrontation litteraire de Jg 13-16 et 1S 1-7$9(OLS)http://pul/title/218565 996 $6440$aDissertatio.$pSeries Mediolanensis$9(OLS)http://pul/title/71364 996 $6260$aMilano :$bGlossa$9(OLS)http://pul/publisher/53656